000 00377cam a22001217a 4500
008 180718b1965 xxu||||| |||| 00| 0 eng d
082 _aA81x54 In2/61/5/PT7/B
100 _aCensus of India 1961
245 _aGujarat: fairs and festivals
260 _aDelhi
_bThe Manager of Publications
_c1965
300 _a292+p.
440 _aCensus of India 1961. Volume V, Gujarat. Part VII-B
999 _c484043
_d484043